000 00696nam a2200289Ia 4500
005 20260324142453.0
008 008 260324s9999 xx 000 0 eng d
020 _a9781351289047
037 _aEBOOK
040 _aCRL
040 _beng
040 _cCRL
041 _2eng
041 _aeng
084 _qCRL
100 _aDavid Marsland
_91212059
245 0 _aFraud and Fallible Judgement
245 0 _bDeception in the Social and Behavioural Sciences
260 _bTaylor and Francis
260 _c1995
365 _a
365 _b230
856 _uhttp://www.taylorfrancis.com/books/9781351289047
942 _cEBOOK
999 _c1816290
_d1816290